Chapman Library

Old Testament survey : the message, form, and background of the Old testament (Record no. 3064)

000 -LEADER
fixed length control field 00530nam a22001697a 4500
020 ## - INTERNATIONAL STANDARD BOOK NUMBER
ISBN 0802835562
050 ## - LIBRARY OF CONGRESS CALL NUMBER
Classification number BS 1140.2 las
100 ## - MAIN ENTRY--AUTHOR NAME
Personal name LASOR, William Sanford
Personal name HUBBARD, David Allan
Personal name BUSH, Frederick Wm.
245 ## - TITLE STATEMENT
Title Old Testament survey : the message, form, and background of the Old testament
260 ## - PUBLICATION, DISTRIBUTION, ETC. (IMPRINT)
Place of publication Grand Rapids, Mich.
Name of publisher Wm B. Eerdmans
Year of publication 1982
300 ## - PHYSICAL DESCRIPTION
Number of Pages xiii, 696p. : ill. : ref
650 ## - SUBJECT ADDED ENTRY--TOPICAL TERM
Topical Term Bible. Old Testament--Introductions.
942 ## - ADDED ENTRY ELEMENTS (KOHA)
Koha item type Books
988 ## - PAGINATION/EXTENT
PAGINATION/EXTENT xiii, 696p. : ill. : ref
Holdings
Koha item type Collection code Shelving location Accession Number Permanent Location Current Location Date acquired Full call number
BooksLendingLending4303Chapman LibraryChapman Library2017-03-17BS 1140.2 las


CSUC Chapman Library is a Koha Automated Library.


Contact us: library@csuc.edu.gh.